000 00301nam a2200145Ia 4500
100 _aBalagurusamy/ E.
250 _a2
942 _cBK
654 _aProgramming
245 _aProgramming in ANSIC
260 _bTata Mc Graw hill
_aDelhi
_c1998
300 _a409
546 _aENGLISH
999 _c26178
_d26178